| 000 | 00722cam a2200265 4500 | ||
|---|---|---|---|
| 008 | 090401t1990 xxu||||| |||| 00| 0 eng d | ||
| 020 | _a0728201488 | ||
| 035 | _a(Sirsi) u27837 | ||
| 041 | _aeng | ||
| 050 | _a711.1 | ||
| 100 | _aWenban-Smith, A. | ||
| 245 | _aNegotiating with planning authorities | ||
| 260 |
_aLondon _bEstates Gazette _c1990 |
||
| 300 | _a63p. ; 22cm. | ||
| 350 | _a8.5 | ||
| 490 | _aEstates Gazette Professional Guides | ||
| 520 | _aProduced for Estates Gazette by Leaf Coppin Publishing Ltd. | ||
| 650 | _aLOCAL AUTHORITIES | ||
| 650 | _aNEGOTIATION | ||
| 650 | _aPLANNING CONTROL | ||
| 650 | _aPLANNING PERMISSION | ||
| 700 | _aBeeston, J. | ||
| 942 | _n0 | ||
| 948 | _c04/03/1997 | ||
| 999 |
_c89169 _d89169 |
||